| 000 | 01236cam a22003014a 4500 | ||
|---|---|---|---|
| 001 | 12721470 | ||
| 005 | 20210414113918.0 | ||
| 008 | 020327s2003 njua b 001 0 eng | ||
| 010 | _a 2002021820 | ||
| 020 | _a0130090530 | ||
| 040 |
_aDLC _cDLC _dDLC |
||
| 042 | _apcc | ||
| 050 | 0 | 0 | _aHD62.4.D47 |
| 082 | 0 | 0 |
_a658/.049 _221 |
| 100 | 1 | _aDeresky, Helen. | |
| 245 | 1 | 0 |
_aInternational management :managing across borders and cultures / _cHelen Deresky. |
| 250 | _a4th ed. | ||
| 260 |
_aUpper Saddle River, N.J. : _bPrentice Hall, _cc2003. |
||
| 300 |
_axv, 586 p. : _bcol. ill. ; _c27 cm. |
||
| 504 | _aIncludes bibliographical references and index. | ||
| 505 | _aContents: The Global manager's environment -- The Cultural context of global management -- Formulating and implementing strategy for International and global operations -- Comprehensive cases. | ||
| 650 | 0 |
_aInternational business enterprises _xManagement. |
|
| 650 | 0 |
_aInternational business enterprises _xManagement _vCase studies. |
|
| 650 | 0 | _aIndustrial management. | |
| 906 |
_a7 _bcbc _corignew _d1 _eocip _f20 _gy-gencatlg |
||
| 942 |
_2lcc _cBK |
||
| 999 |
_c588 _d8088 |
||